000 00437nam a2200181Ia 4500
001 10761
005 20260306161856.0
008 260306t2000||||xx |||||||||||||| ||spa||
041 _aESP
082 _a949.2
_bM61
100 _aMinisterio de Asuntos Exteriores de Holanda
_eAUT
245 0 _aPerfil de Holanda
260 _c2000
300 _a49 páginas :
_c29 cm.
650 _aGEN
654 _aCHU
942 _cLIB
_dJUS
_fJUS
_2ddc
_n
999 _c10761
_d10761